书目信息 |
| 题名: |
啼笑姻缘
|
|
| 作者: | 张恨水 著 | |
| 分册: | ||
| 出版信息: | 北京 台海出版社 1998 |
|
| 页数: | 346页 | |
| 开本: | 20cm | |
| 丛书名: | 现代名家名作欣赏 | |
| 单 册: | ||
| 中图分类: | I246.4 , I216.1 | |
| 科图分类: | ||
| 主题词: | 章回小说--中国--现代 , 长篇小说--中国--现代 , 文学--作品集--中国 | |
| 电子资源: | ||
| ISBN: | 7-80141-041-6 | |
| 000 | 00731oam2 2200265 450 | |
| 001 | 1553947066 | |
| 005 | 20170928094949.20 | |
| 010 | @a7-80141-041-6@dCNY15.80 | |
| 100 | @a20020517d1998 em y0chiy0110 ea | |
| 101 | 0 | @achi |
| 102 | @aCN@b110000 | |
| 105 | @aa z 000yy | |
| 200 | 1 | @a啼笑姻缘@9ti xiao yin yuan@f张恨水著 |
| 210 | @a北京@c台海出版社@d1998 | |
| 215 | @a346页@c肖像@d20cm | |
| 225 | 2 | @a现代名家名作欣赏@h第二辑 |
| 461 | 0 | @12001 @a现代名家名作欣赏 |
| 606 | 0 | @a章回小说@y中国@z现代 |
| 606 | 0 | @a长篇小说@y中国@z现代 |
| 606 | 0 | @a文学@x作品集@x中国 |
| 690 | @aI246.4@v5 | |
| 690 | @aI216.1@v4 | |
| 701 | 0 | @a张恨水@9zhang hen shui@4著 |
| 801 | 0 | @aCN@bTSSF@c20150115 |
| 905 | @aZUCC@dI216.1@eJY192 | |
| 啼笑姻缘/张恨水著.-北京:台海出版社,1998 |
| 346页:肖像;20cm.-(现代名家名作欣赏.第二辑) |
| ISBN 7-80141-041-6:CNY15.80 |
| ● |
| 相关链接 |
|
|
|
|
正题名:啼笑姻缘
索取号:I216.1/JY192
 
预约/预借
| 序号 | 登录号 | 条形码 | 馆藏地/架位号 | 状态 | 备注 |
| 1 | 7841724 | 278417241 | 学院路分馆/ [索取号:I216.1/JY192] | 在馆 |